[Event "Neckar op-A 9th"]
[Site "Deizisau"]
[Date "2005.03.27"]
[Round "6"]
[White "Gurevich, Mikhail"]
[Black "Mchedlishvili, Mikheil"]
[Result "1-0"]
[WhiteElo "2634"]
[BlackElo "2515"]
[Annotator "Gurevich,M"]
[PlyCount "123"]
[EventDate "2005.03.24"]
[EventType "swiss"]
[EventRounds "9"]
[EventCountry "GER"]
[SourceTitle "CBM 105 Extra"]
[Source "ChessBase"]
[SourceDate "2005.05.01"]
[SourceVersion "1"]
[SourceVersionDate "2005.05.01"]
[SourceQuality "1"]

1. d4 Nf6 2. c4 e6 3. Nc3 Bb4 4. Qc2 O-O 5. a3 Bxc3+ 6. Qxc3 b6 7. Nf3 Bb7 8.
e3 d6 9. Be2 Nbd7 10. O-O Ne4 11. Qd3 d5 $5 {TN} (11... f5 12. b4 Qf6 13. Bb2
Rae8 14. Qb3 Qg6 15. Qa4 Nd2 {[#]} 16. d5 Nxf1 17. Qxd7 Nxe3 18. fxe3 exd5 19.
Bd4 Qf7 20. Qxf7+ Rxf7 21. c5 dxc5 22. bxc5 f4 23. c6 $13 {1-0 Kozul,Z-Grosar,
A/Portoroz 1997/EXT 99 (45)}) 12. cxd5 exd5 13. b4 {[/\14.Bb2,15.Rac1]} Nd6 $5
{[/\14...Nc4]} 14. a4 a6 (14... Nc4 15. Nd2 $14) 15. Bb2 (15. Qc2 $5 b5 16. Bd3
Nf6 17. Ne5 $14) 15... b5 16. a5 Nc4 17. Bc3 Nf6 18. Ne5 Ne4 19. f3 Ned6 (19...
Qg5 20. h4 $1 (20. fxe4 dxe4 $17) 20... Qxh4 21. fxe4 dxe4 22. Qb1 $14) 20. Bd1
(20. Rae1 $142 {(/\Be2-d1-c2|^>>)}) 20... Qe7 (20... Qg5 $5 21. Re1 (21. f4 Qf5
) 21... f6 $132 22. Ng4 Rae8 23. Bc2 g6 {(/\24...Bc8<=>>>)}) 21. Bc2 g6 22.
Rae1 $14 f6 23. Ng4 f5 24. Ne5 Qe6 25. Qe2 $5 {[/\Qe2-f2-h4|^]} Rae8 26. Qf2
Nxe5 27. dxe5 Nc4 28. f4 Qe7 $5 {[/\29...c5<=><<]} 29. Ra1 $5 {[/\30.Rfb1,
Bc3-d4-c5]} c5 30. Rfb1 Rf7 31. Qe1 (31. bxc5 $5 Qxc5 32. Bd4 Qc7 33. Rc1 {
(/\Qf2-e1-b4)}) 31... cxb4 32. Bxb4 Qe6 33. Qf2 Rc8 34. Re1 Rg7 35. Rad1 Nb2
36. Rd4 Rgc7 37. Bb3 Nc4 38. Bd1 $5 {[/\39.h3,40.g4]} g5 $5 39. h3 Rg7 40. Rf1
Rcc7 41. Be2 Rcf7 42. Rdd1 Rd7 (42... gxf4 43. exf4 d4 44. Bf3 Bxf3 45. Qxf3
$16 Ne3 $2 46. Qa8+ $18) 43. Kh2 $2 Qg6 $2 (43... gxf4 44. exf4 d4 45. Rg1 Ne3
$17) 44. g3 h5 45. Bd3 Rdf7 46. Rg1 Qh6 47. Be2 Kh7 48. Bf1 Rg6 49. Bg2 $16
Rfg7 (49... Rd7 50. e4 fxe4 51. Bxe4 $18) 50. Bxd5 Bxd5 51. Rxd5 h4 52. gxh4 g4
53. Bf8 $1 (53. hxg4 Rxg4 54. Rxg4 Rxg4 55. Rd7+ Kg8 56. Be7 $16) 53... g3+ 54.
Rxg3 Rxg3 55. Qxg3 Rxg3 56. Bxh6 Rxe3 57. Bg5 $18 Kg6 58. Rc5 $138 (58. Rd7
Nxa5 59. h5+ Kxh5 60. Rd6 $18) 58... Nxa5 59. Kg2 Re4 60. Rc7 b4 61. Ra7 Nc4 (
61... Rc4 62. Rxa6+ Nc6 63. e6 $18) 62. h5+ (62. h5+ Kxh5 63. Rxa6) 1-0

[Event "EU-ch 4th"]
[Site "Istanbul"]
[Date "2003.06.02"]
[Round "4"]
[White "Gurevich, Mikhail"]
[Black "Mchedlishvili, Mikheil"]
[Result "1-0"]
[WhiteElo "2635"]
[BlackElo "2560"]
[Annotator "Gurevich,M"]
[PlyCount "135"]
[EventDate "2003.05.30"]
[EventType "swiss"]
[EventRounds "13"]
[EventCountry "TUR"]
[SourceTitle "CBM 096"]
[Source "ChessBase"]
[SourceDate "2003.09.25"]
[SourceVersion "1"]
[SourceVersionDate "2003.09.25"]
[SourceQuality "1"]

1. d4 Nf6 2. c4 e6 3. Nc3 Bb4 4. Qc2 O-O 5. a3 Bxc3+ 6. Qxc3 b6 7. Bg5 Bb7 8.
e3 d6 9. Ne2 Nbd7 10. Qd3 c5 11. Nc3 Qe7 12. Rd1 Rfd8 13. d5 Ne5 14. Qc2 h6 15.
Bh4 Ng6 16. Bg3 Nh5 17. Be2 Nxg3 18. hxg3 exd5 {TN} (18... a6 19. O-O Rdb8 20.
a4 e5 21. Bd3 Nf8 22. g4 Qh4 23. f3 Bc8 24. Ne4 Qe7 25. b3 Nd7 26. Rb1 $14 {
1-0 Sokolov,I-Sokolov,A/Clermont-Ferrand FRA 2003/The Week in Chess 444 (28)})
19. Nxd5 Bxd5 20. Rxd5 Qe6 $5 {[/\21...Ne7,22...d5]} 21. O-O (21. g4 $5 b5 $5 (
21... Ne7 22. Rdh5 {/\23.h5|^}) 22. g5 bxc4 23. Bxc4 Ne7 24. gxh6 (24. Rd1 d5
25. Be2 hxg5 $13) 24... Nxd5 25. hxg7 Kxg7 26. Qh7+ Kf8 27. e4 Rab8 28. Bxd5
Qf6 $13) 21... Ne7 22. Rd2 Rd7 $5 (22... d5 23. Rfd1 Rd6 24. cxd5 $16) 23. Rfd1
Rad8 24. Qb3 $1 {[н/\25.Bf3]} (24. Bf3 d5 25. cxd5 Nxd5 26. Qc4 Nf6 $11) 24...
g6 25. Bf3 h5 26. Rd3 Qf6 27. R1d2 Kg7 28. Qd1 $14 Qe6 29. b3 a5 30. g4 $1 hxg4
31. Bxg4 f5 32. Bf3 Qe5 (32... a4 33. bxa4 Qxc4 34. Rxd6 $16) 33. g3 Kh7 34.
Bg2 Kg7 35. a4 $5 (35. f4 $5 Qf6 36. Bf3 g5 37. e4 $36) 35... Kh7 36. Qf3 Kg7
37. Rd1 Rf8 38. Qe2 Rfd8 39. Qd2 Kh7 40. Bf3 Kg7 41. Kg2 Qf6 (41... d5 $5 42.
Bxd5 (42. cxd5 g5 43. Kg1 Rd6 $132) 42... Nxd5 43. Rxd5 Rxd5 44. cxd5 Rd6 45.
Qd3 $16) 42. e4 $5 Nc6 43. exf5 Ne5 44. Re3 gxf5 45. Bd5 Rh8 46. Kg1 Re7 47.
Bg2 Rd8 48. Qd5 Rdd7 49. Bh3 (49. Rde1 $5 {н/\50.f4}) 49... Rd8 50. Kg2 f4 $5
51. gxf4 Ng6 52. Rxe7+ Qxe7 53. Qg5 $1 Kf7 (53... Qxg5+ 54. fxg5 Nf4+ 55. Kg3
Ne2+ 56. Kg4 Rf8 57. Rxd6 Rxf2 58. Kh4 $16) 54. Kg3 Rg8 55. Bg4 $16 Kf8 56.
Qxe7+ $138 (56. Rd5 $1 $18) 56... Nxe7 57. Kh3 Rg6 58. f5 Rh6+ 59. Kg3 Nc6 60.
Kf4 Nd4 61. Rd3 Rh2 62. Kg5 $1 Rxf2 63. Rh3 $40 Kg7 64. Re3 Nc6 (64... Rg2 65.
Re7+ Kg8 66. Rd7 $1 Nf3+ 67. Kf4 Ne5 68. Rxd6 Nxg4 69. Rg6+ $16) 65. Re6 Ne5
66. f6+ Kf7 $6 (66... Kf8 67. Bh5 Nf7+ 68. Bxf7 Kxf7 69. Rxd6 $18) 67. Re7+ Kg8
68. Re8+ 1-0

[Event "Bundesliga 0405"]
[Site "Germany"]
[Date "2004.11.14"]
[Round "2.7"]
[White "Gurevich, Mikhail"]
[Black "Hertneck, Gerald"]
[Result "1-0"]
[WhiteElo "2644"]
[BlackElo "2552"]
[Annotator "Gurevich,M"]
[PlyCount "145"]
[EventDate "2004.11.12"]
[EventType "team-tourn"]
[EventRounds "15"]
[EventCountry "GER"]
[SourceTitle "EXT 2005"]
[Source "ChessBase"]
[SourceDate "2004.11.15"]
[SourceVersion "1"]
[SourceVersionDate "2004.11.15"]
[SourceQuality "1"]
[WhiteTeam "Porz"]
[BlackTeam "Tegernsee"]
[WhiteTeamCountry "GER"]
[BlackTeamCountry "GER"]

1. d4 Nf6 2. c4 e6 3. Nc3 Bb4 4. Qc2 O-O 5. a3 Bxc3+ 6. Qxc3 b6 7. Bg5 Bb7 8.
f3 d5 9. e3 Nbd7 10. cxd5 exd5 11. Bd3 h6 (11... c5 12. Ne2 Qe7 13. Ng3 (13.
O-O h6 14. Bf4 Nh5 15. Rae1 a5 16. g4 Nxf4 17. Nxf4 g6 18. Qd2 Qf6 19. Bb5 Rfd8
20. Rc1 Nf8 21. dxc5 bxc5 22. Rxc5 d4 23. e4 $14 {1/2-1/2 Sergeev,V-Yakivchik,
M/St Petersburg 2004/CBM 100 ext (74)}) 13... h6 14. Bf4 cxd4 15. Qxd4 Nc5 16.
Nf5 Qd8 17. Be5 Nxd3+ 18. Qxd3 Bc8 19. Rc1 Bxf5 20. Qxf5 Nd7 21. Bd4 Nc5 22.
O-O $14 {1-0 Rychagov,A-Sergeev,V/Vladimir RUS 2004/The Week in Chess 515 (40)}
) 12. Bh4 Qe7 (12... Re8 13. Ne2 c5 14. O-O Qe7 15. Bf2 Rac8 16. Qd2 Nf8 17.
Rfe1 Ne6 18. Ng3 Qf8 19. Rac1 $14 {1-0 Kiriakov,P-Chandler,M/Port Erin IOM
2004/The Week in Chess 517 (38)}) 13. Ne2 c5 14. Bb5 (14. Bf2 Rac8 15. O-O cxd4
16. Qxd4 Nc5 17. Rad1 Nxd3 18. Qxd3 Rfe8 19. Nc3 Qe6 20. Rfe1 a6 21. Bh4 b5 22.
Bf2 Qe5 23. Rc1 $14 {1-0 Diotallevi,M-Spooner,M/ICCF Email 2003/ICCF Telechess
CBM 102 (79)}) 14... Rad8 {N} (14... Qd6 15. O-O Rac8 16. Qd2 Bc6 17. Bd3 Rfe8
18. Ng3 Qf8 19. Ne2 Qe7 20. Bf2 Nf8 21. Ng3 $14 {time! [Schachwoche 22/89].
0-1 Mohr,S-Conquest,S/Gausdal 1989/EXT 97 (99)}) 15. O-O Rfe8 16. Bf2 Rc8 17.
Qd2 Bc6 (17... a6 18. Bd3 cxd4 19. Nxd4 $14) 18. Ba6 Rb8 19. Bd3 c4 (19... Nf8
$5 {(/\20...Ne6)}) 20. Bc2 b5 {[/\21...b4<=><<]} 21. Ng3 Qf8 (21... g6 22. e4
dxe4 23. fxe4 $36) 22. Be1 $1 {[/\23.Qf2,24.Bb4xb4,a5]} (22. Qb4 $5) 22... Re6
23. Qf2 g6 24. Bb4 Qg7 25. Rae1 $14 Rbe8 26. Bd2 {[/\Ng3-e2-f4]} Nb6 $5 {
[/\27...Na4<=><<]} 27. Ne2 Na4 28. Nf4 R6e7 29. Bb4 Rd7 30. Rb1 $1 {[/
\Nf4-e2-c3]} Nh7 31. Ne2 h5 32. Nc3 Nxc3 33. Bxc3 Qh6 34. Rbe1 {[/\35.e4]} f5
35. h4 Nf6 36. Qg3 Kf7 37. Bd2 Qg7 38. Qf4 Kg8 39. Bb4 {[/\Bb4-d6-e5]} Re6 40.
Re2 a6 41. Kf2 $1 {[/\Kf2-e1-d2;Rf1-h1-h3-g3|^>>]} Rd8 42. Rh1 Kh7 43. Ke1 (43.
Rh3 $6 Ng4+ $5 44. Ke1 $2 (44. fxg4 fxg4 $17) 44... Nxe3 $17) 43... Qh6 44. Qg5
$1 Rde8 (44... Qxg5 45. hxg5 Ne8 46. g4 $1 $40) 45. Kd2 {[/\Rh1-h3-g3]} Kg7 $6
46. Bxf5 $1 Qxg5 47. hxg5 gxf5 48. gxf6+ Rxf6 (48... Kg6 49. Be7 $16) 49. Rxh5
$16 Bd7 50. Ba5 Rh6 51. Rxh6 Kxh6 52. Re1 Rh8 (52... Rg8 53. Rh1+ Kg7 54. Bc7
$16) 53. Kc3 {[/\Kc3-b4-a5]} Kg6 54. Kb4 Kf7 (54... Rh2 55. Rg1 {(56.Bc7)}) 55.
Bc7 Rg8 56. Re2 Rg6 57. Bf4 {[xh6,/\58.g3,59.Rh2]} Rg8 58. Ka5 Rc8 $5 {/\59...
c3;} (58... Rg6 59. g3 $16) 59. Rc2 (59. Kxa6 c3 60. bxc3 Rxc3 61. Ra2 Rc4 62.
Kb6 Ke6 $16) 59... Rc6 60. g3 $18 {[/\61.Kb4,52.Rh2]} Be8 61. Kb4 Kg8 62. Rh2
a5+ 63. Kxa5 c3 64. bxc3 Rc4 $5 (64... Rxc3 65. Kb4 Rc4+ 66. Kb3 $18) 65. Rh6 {
[/\Rh6-e6-e5]} Ra4+ 66. Kb6 Rxa3 67. Re6 Kf7 (67... Bh5 68. g4 fxg4 69. fxg4
Kf7 70. Rd6 Bxg4 71. Rxd5 $18) 68. Re5 Rxc3 69. Rxf5+ Ke6 70. Re5+ Kf7 71. Rxd5
b4 72. Rc5 $1 Rxc5 (72... Rd3 73. Rc4 b3 74. Rb4 $18) 73. dxc5 1-0

[Event "BL2-West 9798"]
[Site "Germany"]
[Date "1998.??.??"]
[Round "?.2"]
[White "Gurevich, Mikhail"]
[Black "Andersson, Ulf"]
[Result "1-0"]
[WhiteElo "2620"]
[BlackElo "2640"]
[Annotator "Gurevich,M"]
[PlyCount "75"]
[EventDate "1997.10.??"]
[EventType "team-tourn"]
[EventRounds "9"]
[EventCountry "GER"]
[SourceTitle "CBM 063"]
[Source "ChessBase"]
[SourceDate "1998.03.26"]
[SourceVersion "1"]
[SourceVersionDate "1998.03.26"]
[SourceQuality "1"]
[WhiteTeam "Godesberg"]
[BlackTeam "Andernach"]
[WhiteTeamCountry "GER"]
[BlackTeamCountry "GER"]

1. d4 Nf6 2. c4 e6 3. Nc3 Bb4 4. Qc2 O-O 5. a3 Bxc3+ 6. Qxc3 d6 7. Bg5 Nbd7 8.
e3 c5 {TN} 9. Bd3 b6 10. Ne2 Bb7 11. O-O h6 12. Bh4 d5 $5 13. Qb3 $5 (13. cxd5
Nxd5 14. Bxd8 Nxc3 15. Be7 Nxe2+ 16. Bxe2 Rfe8 17. Bh4 cxd4 18. Bb5 g5 $11) (
13. Rfd1 $6 cxd4 14. Qxd4 (14. Nxd4 Ne4 $5 $132) 14... e5 15. Qc3 e4 16. Bc2
Rc8 $132) 13... cxd4 14. exd4 dxc4 15. Bxc4 Rc8 16. Rac1 Qe7 (16... Rc7 $5 {
With idea 17...Qa8} 17. Bg3 Rc6 18. Bb5 Rxc1 19. Rxc1 Qa8 (19... a6 20. Bxd7
Nxd7 21. Rc7 $14) 20. Rc7 $14) 17. Nc3 Rfd8 18. Rfe1 Qf8 (18... a6 19. d5 $36)
19. a4 $5 {With idea a4-a5-a6} (19. h3 $5 $14) 19... g5 $5 20. Bg3 Nh5 21. Nb5
$1 Nxg3 22. Qxg3 Nf6 $1 (22... a6 $2 23. Nd6 Rc7 24. Nxb7 Rxb7 25. Bxa6 $16)
23. Nxa7 Ra8 24. Nb5 Rxa4 25. b3 Raa8 (25... Ra2 26. Qc7 Rb8 27. Nd6 (27. Ra1
$5 $14) 27... Nd5 28. Bxd5 Bxd5 29. Ra1 (29. Nxf7 $2 Rb7 30. Nxh6+ Qxh6 31.
Qd8+ Qf8 $19) 29... Rba8 $1 30. Rxa2 Rxa2 $13) 26. Nc7 $5 Rac8 $2 (26... Ra2 $1
27. Rxe6 $5 (27. Bxe6 Rxd4 $132 28. Qe5 Rf4 $17) 27... Ne4 $1 (27... fxe6 28.
Nxe6 $18) (27... Nh5 28. Qe3 $1 Nf4 29. Re7 Nxg2 30. Qe5 $16) 28. Qe5 $1 (28.
Qe3 Nxf2 $1 29. Rg6+ (29. Re7 Ng4 $1 $19) 29... Kh7 30. Rxb6 Bxg2 $1 31. Bd3+ (
31. Ra6 Nh3+ $19) 31... Nxd3 32. Qxd3+ Kg8 33. Rc2 Rxd4 $1 $17) 28... fxe6 29.
Bxe6+ Kh7 30. Bf5+ Kg8 31. Ne6 (31. Be6+ $11) 31... Rc8 $1 32. Bh7+ Kf7 33.
Bg6+ (33. Rc7+ Rxc7 34. Qf5+ Nf6 $19) 33... Kg8 $5 (33... Kxg6 34. Nxf8+ Rxf8
35. Qe6+ $36) 34. Bh7+ Kf7 $11) 27. Nxe6 $1 fxe6 28. Bxe6+ Kh8 29. Bxc8 Rxc8 (
29... Bxc8 30. Rc6 b5 31. Qe5 $18) 30. Rxc8 Qxc8 (30... Bxc8 31. Qb8 $1 Nd7 32.
Qc7 $16) 31. h4 $5 (31. Qd6 Kg7 32. Qxb6 Nd5 $16) 31... gxh4 32. Qxh4 Ng8 (
32... Kg7 33. Re7+ Kg6 34. Qg3+ Ng4 35. f3 Qc1+ 36. Re1 $18) 33. d5 $1 Qc5 (
33... Bxd5 34. Qd4+ $18) 34. Re8 $1 Qc1+ (34... Qxd5 35. Qxh6#) 35. Kh2 Qc7+
36. g3 Qg7 37. d6 Kh7 (37... Bc6 38. Rd8 b5 (38... Kh7 39. Qc4 $1 Bd7 40. Qe4+
Kh8 41. Qe7 $18)) 38. Qc4 $1 (38. Qc4 Nf6 (38... Qg6 39. Qxg8+ Qxg8 40. Rxg8
Kxg8 41. d7 $18) 39. Re7 $18) 1-0

[Event "Gibraltar Masters"]
[Site "Gibraltar"]
[Date "2006.01.26"]
[Round "3"]
[White "Gurevich, Mikhail"]
[Black "Cmilyte, Viktorija"]
[Result "1-0"]
[WhiteElo "2633"]
[BlackElo "2475"]
[Annotator "Gurevich,M"]
[PlyCount "125"]
[EventDate "2006.01.24"]
[EventType "swiss"]
[EventRounds "10"]
[EventCountry "ENG"]
[SourceTitle "CBM 110 Extra"]
[Source "ChessBase"]
[SourceDate "2006.03.10"]
[SourceVersion "2"]
[SourceVersionDate "2006.03.10"]
[SourceQuality "1"]

1. d4 Nf6 2. c4 e6 3. Nc3 Bb4 4. Qc2 O-O 5. a3 Bxc3+ 6. Qxc3 b6 7. Nf3 Bb7 8.
e3 d5 9. b4 c5 10. dxc5 bxc5 11. Bb2 Nbd7 12. Be2 Nb6 (12... dxc4 13. Qxc4 Bd5
(13... Ne4 14. O-O Nb6 15. Qb5 a6 16. Qa5 Nd5 17. Rfc1 Rc8 (17... Qxa5 18. bxa5
$14) 18. Qxd8 Rfxd8 19. bxc5 Nxc5 20. Rc4 $1 $14 {1-0 Van Wely,L-Leko,P/Wijk
aan Zee NED 2006/The Week in Chess 586 (47)}) 14. Qc3 Qb6 15. O-O cxb4 16. axb4
Rfb8 17. Ra4 Nc5 18. bxc5 Qxb2 19. Qxb2 Rxb2 20. Bd3 Nd7 21. Rc1 Rc8 22. Rxa7
Rb7 23. Rxb7 {1/2-1/2 Dobrov,V-Belov,V/playchess.com 2005/Mega2006 (23)}) 13.
cxd5 cxb4 14. axb4 Nbxd5 15. Qa3 Qe7 $5 {TN} (15... a6 16. O-O Qe7 17. Rfb1
Rfc8 18. Bd4 Ne4 19. Rb3 Nc7 20. Qb2 Bd5 21. Rba3 Rab8 $132 {0-1 Van Wely,
L-Ponomariov,R/Khanty Mansyisk RUS 2005/The Week in Chess 579 (72)} 22. Ra4 $5)
16. b5 Qxa3 17. Rxa3 (17. Bxa3 Rfc8 $132) 17... Rfc8 18. O-O $5 (18. Nd4 Nb6 $5
$132) 18... Rc2 19. Bxf6 gxf6 (19... Rxe2 $5 20. Bd4 Nc7 (20... Rc2) 21. Ra5 a6
(21... f6 22. Rc1) 22. b6 Nb5 $13) (19... Nxf6 20. Bd3 $36 {(/\21.Rfa1)}) 20.
Nd4 Rc3 (20... Rb2 21. Bf3 $36) 21. Ra5 $1 {[/\22.Rfa1|^;xa7;} (21. Rfa1 Rxa3
22. Rxa3 Kf8 $5 {/\Kf8-e7-d6<=>} (22... Nc7 23. Nc6 a6 24. b6 $1 $36)) 21...
Nc7 22. Rfa1 e5 (22... a6 23. Bf3 (23. bxa6 $5) 23... Bxf3 24. gxf3 $16 Rc5 25.
b6 Rxa5 26. Rxa5 Nd5 (26... Ne8 27. Nb3 Nd6 28. Nc5 $16) 27. Rxd5 $3 exd5 28.
Nc6 $18) 23. Nf5 Rc2 24. Bf1 $16 Be4 (24... a6 25. Nd6) 25. Nd6 Bd5 26. Rxa7
Rd8 (26... Rxa7 27. Rxa7 Rc1 28. b6 $18) 27. Nf5 (27. b6 Rxd6 28. bxc7 (28.
Rxc7 Rb2) 28... Rdc6 $13) 27... Be6 28. Ne7+ Kg7 29. b6 Ne8 30. Ra8 $6 (30. Rb1
$5 Ba2 $140 31. Rxa2 Rxa2 32. b7 Rb8 33. Nc6 $18) 30... Rxa8 31. Rxa8 Nd6 32.
Rg8+ Kh6 33. Rd8 Nb7 34. Rb8 Nc5 35. f3 Rb2 $44 {[/\36...Nd7]} 36. h4 Nd7 37.
Rh8 $5 {[/\38.Bd3]} f5 $138 (37... Nc5 $5) 38. Bd3 Kg7 39. Rd8 Kf6 40. Nxf5 $1
Nc5 $1 41. g4 Nxd3 42. Rxd3 Bxf5 43. gxf5 Kxf5 $2 (43... Rxb6 44. e4 Rb2 $1 (
44... h5 $5) 45. Rd6+ Kg7 46. h5 f6 47. h6+ Kxh6 48. Rxf6+ Kg5 49. Re6 Kf4 $11)
44. Rd7 $1 $16 Kg6 $2 (44... Ke6 45. Rb7 h5 46. Rb8 $16) 45. b7 $18 {[/
\Kg1-b1-c8]} f6 46. Kf1 h6 47. Ke1 Kf5 (47... Kh5 48. Rg7 Kxh4 49. Kd1 h5 50.
Kc1 Rb6 51. Kc2 Kh3 52. Kc3 h4 53. Kc4 Kh2 54. Kc5 Rb1 55. Kc6 h3 56. Kc7 Rc1+
57. Kd8 Rb1 58. Kc8 Kh1 59. b8=Q Rxb8+ 60. Kxb8 h2 61. e4 f5 62. Rh7 $18) 48.
Re7 $1 e4 49. fxe4+ Kg4 50. Kd1 Kxh4 51. Kc1 Rb6 52. Rg7 h5 53. Kd2 Kh3 54. Kd3
h4 55. Kd4 Kh2 56. Kc5 Rb2 57. Kc6 Rc2+ 58. Kd7 Rd2+ 59. Kc8 Rc2+ 60. Rc7 Rb2
61. b8=Q Rxb8+ 62. Kxb8 Kg3 63. Rf7 1-0

[Event "FRA-chT Gp-A"]
[Site "France"]
[Date "2003.04.05"]
[Round "6.2"]
[White "Gurevich, Mikhail"]
[Black "Kosten, Anthony C"]
[Result "1-0"]
[WhiteElo "2634"]
[BlackElo "2545"]
[Annotator "Gurevich,M"]
[PlyCount "79"]
[EventDate "2003.01.31"]
[EventType "team"]
[EventRounds "7"]
[EventCountry "FRA"]
[SourceTitle "CBM 095"]
[Source "ChessBase"]
[SourceDate "2003.07.25"]
[SourceVersion "1"]
[SourceVersionDate "2003.07.25"]
[SourceQuality "1"]
[WhiteTeam "Gonfreville"]
[BlackTeam "Monaco"]
[WhiteTeamCountry "FRA"]
[BlackTeamCountry "FRA"]

1. d4 {Golod,V} Nf6 2. c4 e6 3. Nc3 Bb4 4. Qc2 O-O 5. a3 Bxc3+ 6. Qxc3 b6 7.
Bg5 Bb7 8. f3 h6 9. Bh4 d5 10. e3 Re8 11. Bd3 {'!?' Golod,V. Golod,V: 'Besides
White has three principales options:11.Rc1; 11.cxd5 and'} (11. Nh3 $5 {(Golod,
V) See comments to Kramnik,V-Tiviakov,S/Las Vegas,1999/CBM 72(1-0)(Golod,V)(42)
}) 11... Nbd7 12. Ne2 ({Also repeatedly were checked up in previous games:} 12.
cxd5 {Golod,V}) ({and} 12. Nh3 {Golod,V}) 12... c5 ({Is a possibble
continuation of the play:} 12... e5 $5 {Golod,V}) 13. cxd5 (13. O-O {(Golod,V)
does not put large problems for Black.}) 13... cxd4 ({It was dubiously:} 13...
exd5 {Golod,V} 14. O-O Qe7 (14... Rxe3 $2 15. Bxf6 {[%csl Re3][%cal Gd3h7]})
15. Bf2 Rac8 16. Qd2 c4 17. Bc2 b5 18. Rae1 $14 {Rychagov,A-Petrov,M/Moscow,
1995(1-0)(36)}) 14. Nxd4 Nxd5 ({Again I do not think that it was better:} 14...
exd5 {Golod,V} 15. O-O $14 {[%csl Yc3,Re3,Rg8]}) 15. Bxd8 Nxc3 16. Bh4 {
Golod,V: 'After exchange of the queens, White should play extreme precisely to
receive a minimal advantage. '} Ne5 {'!' Golod,V. Golod,V: 'It's best move.'} (
{Weakly:} 16... Nd5 $2 {Golod,V} 17. Bb5 {[%csl Rd7][%cal Gb5d7,Yh4d8]} Nxe3 {
[%csl Re1,Rh4][%cal Ge3g2]} (17... Bc8 18. Kf2 {[%cal Ga1c1] +/=/+/-}) 18. Kf2
e5 19. Ne2 Nf5 20. Bxd7 Nxh4 21. Bxe8 Rxe8 22. Nc3 {+/=/+/-}) 17. Bf1 ({
Pretty dubiously:} 17. Bc2 {(Golod,V) in view of:} Nd5 {[%csl Rb2,Re3][%cal
Ge5c4,Gd5e3]}) 17... Nd5 18. Bg3 {'!' Golod,V. Golod,V: 'Differently,Black
easily equalizes a position:'} (18. Bf2 {Golod,V} Rac8 $11 (18... Red8 $5))
18... Nxe3 $5 {'N?' Golod,V. Golod,V: 'Leads to favourable complications for
White. The strange decision, probably connected to the tactical miscalculation.
Though it was rather difficult to calculate all variants.'} (18... Ng6 19. Kf2
Red8 20. Rd1 {1/2-1/2 Ljubojevic,L-Kramnik,V/Monte Carlo MNC 2003/The Week in
Chess 438 (20)} (20. Bc4 Rac8 21. Rac1 Nde7 22. Be2 e5 23. Nb3 Bd5 24. Nd2 Be6
25. Rxc8 Rxc8 26. Bd3 Nf5 27. Ke2 Nxg3+ 28. hxg3 Ne7 29. g4 f6 30. Ne4 Kf8 $11
{1/2-1/2 Van Wely,L-Kramnik,V/Monte Carlo MNC 2003/The Week in Chess 438 (45)})
) 19. Bxe5 f6 (19... Red8 $5 20. Kf2 Nxf1 21. Rhxf1 Rd5 (21... f6 22. Nxe6 Rd2+
23. Ke3 Rxg2 (23... Rd5 24. Bxf6 Re8 25. Bc3 Rxe6+ 26. Kf2) 24. Rg1 $16) 22.
Rfe1 f6 23. Bxf6 (23. Nxe6 fxe5 24. Rad1 Rc8 $11) 23... gxf6 24. Nxe6 Rd2+ $132
) 20. Bg3 Rad8 (20... e5 {'!?' Golod,V.} 21. Nb5 Nc2+ 22. Kf2 Nxa1 23. Bc4+ Kf8
24. Rxa1 $16 {Golod,V: '+/=/+/-'}) 21. Bb5 $1 Rxd4 (21... Re7 22. Kf2) 22. Ke2
$1 (22. Bxe8 $2 Nc2+ 23. Ke2 (23. Kf2 Rd2+ 24. Kg1 Nxa1 $19) 23... Ba6+ 24. Kf2
Rd2+ $19) 22... Nc2 (22... Nxg2 23. Bxe8 Ba6+ 24. Kf2 Rd2+ 25. Kg1 Rxb2 (25...
Ne3 26. Bf2) 26. h4 $18) 23. Rac1 Rc8 24. Bd3 $16 Rcd8 (24... Rxd3 25. Kxd3
Ba6+ 26. Kd2 Nd4 27. Rxc8+ Bxc8 28. Bb8 $1 a5 (28... a6 29. Ba7 $18) (28... Nc6
29. Rc1 Bb7 30. Bxa7 $1 Nxa7 31. Rc7 $18) 29. Ba7 $18) 25. Bxc2 Ba6+ (25...
Rd2+ 26. Ke3 Rxg2 27. Rhd1 Rxd1 28. Bxd1 Rxb2 29. Rc7 Bd5 30. Rxa7 $18) 26. Ke3
Rd2 27. Rhd1 $1 $18 {Golod,V: 'White has precisely calculated all consequences
of this move.'} (27. Rhe1 Rxg2 28. b4 g5 $16) 27... Re2+ 28. Kf4 e5+ 29. Kg4
Bc8+ (29... Rxd1 30. Bxd1 Rxg2 31. Rc7 Rxb2 32. Bc2 $18) 30. Bf5 h5+ (30...
Rxd1 31. Rxc8+ Kf7 32. Rc7+ Kf8 33. Kh5 $18) 31. Kxh5 Rxd1 32. Rxc8+ Kf7 33.
Rc7+ Ke8 34. Kg6 {'+-' Golod,V.} Rxg2 35. Kxg7 Rd6 36. Rxa7 Rxb2 37. Bh4 Rg2+
38. Bg6+ Kd8 39. Bxf6+ Kc8 40. Kf7 1-0